| Tag |
First Indicator |
Second Indicator |
Subfields |
| LEADER |
00000cam a2200000 4500 |
| 001 |
in00000030496 |
| 005 |
20151007061621.0 |
| 008 |
740920s1951 nyug 00000 eng u |
| 010 |
|
|
|a 51010953
|
| 035 |
|
|
|a (OCoLC)01017143
|
| 035 |
|
|
|9 AAD2592AM
|
| 040 |
|
|
|c OUN
|d OCL
|d TXA
|d UtOrBLW
|
| 049 |
|
|
|a TXAM
|c [194631]
|
| 050 |
|
0 |
|a MT40
|b .R46
|
| 092 |
|
|
|a 781.61
|b R438t
|
| 100 |
1 |
|
|a Reti, Rudolph,
|d 1885-1957.
|
| 245 |
1 |
4 |
|a The thematic process in music.
|
| 264 |
|
1 |
|a New York :
|b Macmillan Company,
|c 1951.
|
| 300 |
|
|
|a x, 362 pages :
|b music. ;
|c 22 cm.
|
| 336 |
|
|
|a text
|b txt
|2 rdacontent
|
| 337 |
|
|
|a unmediated
|b n
|2 rdamedia
|
| 338 |
|
|
|a volume
|b nc
|2 rdacarrier
|
| 650 |
|
0 |
|a Composition (Music)
|
| 650 |
|
0 |
|a Music theory.
|
| 650 |
|
0 |
|a Musical analysis.
|
| 999 |
|
|
|a MARS
|
| 999 |
f |
f |
|s 4411b750-5f83-3dd4-b9ec-06795a3a68a7
|i a954a319-1d64-3337-a271-fd7887f868ad
|t 0
|
| 952 |
f |
f |
|p ric
|a Texas A&M University
|b Rellis Campus
|c Joint Library Facility
|d Remote Storage
|t 0
|e MT40 .R46
|h Library of Congress classification
|i unmediated -- volume
|m A14801169846
|
| 998 |
f |
f |
|a MT40 .R46
|t 0
|l Remote Storage
|